Vnutropodnikové smernice a ich postavenie v rámci riadenia podniku bakalárska práca

Saved in:
Bibliographic Details
Main Author: Ryšánková, Dagmar
Corporate Author: Fakulta hospodárskej informatiky EU. Katedra účtovníctva a audítorstva
Other Authors: Maděra, František
Format: Book
Language:Slovak
Published: Bratislava 2015
Tags: Add Tag
No Tags, Be the first to tag this record!

MARC

LEADER 00000nbm a2200000 4500
001 0203698
005 20161212114648.9
041 0 |a slo 
044 |a SK 
245 1 0 |a Vnutropodnikové smernice a ich postavenie v rámci riadenia podniku  |b bakalárska práca  |c Dagmar Ryšánková ; školiteľ: František Maděra 
264 1 |a Bratislava  |c 2015 
300 |a 45 s. 
100 1 |a Ryšánková, Dagmar 
700 1 |a Maděra, František 
710 2 |a Fakulta hospodárskej informatiky EU. Katedra účtovníctva a audítorstva